000 00221nam a22000857a 4500
008 170613b xxu||||| |||| 00| 0 eng d
100 _93376
_aBhanot, D.P
245 _aCom- English Course - 7
260 _aNew Delhi
_bH. F. I
_c2010
999 _c6716
_d6716